Directory of extramural research and development projects approved for funding by selected central government agencies/departments during 2002-2003 (Record no. 44195)

MARC details
000 -LEADER
fixed length control field 00453nam a2200109Ia 4500
020 ## - INTERNATIONAL STANDARD BOOK NUMBER
ISBN 8187607092
082 ## - DEWEY DECIMAL CLASSIFICATION NUMBER
Classification number 058:001.63
Item number NST
245 #0 - TITLE STATEMENT
Title Directory of extramural research and development projects approved for funding by selected central government agencies/departments during 2002-2003
260 ## - PUBLICATION, DISTRIBUTION, ETC. (IMPRINT)
Place of publication New Delhi
Name of publisher National Science & Technology Management Information Systems (NSTMIS)
Year of publication 2005
942 ## - ADDED ENTRY ELEMENTS (KOHA)
Koha item type Books
Holdings
Withdrawn status Lost status Damaged status Not for loan Home library Current library Date acquired Source of acquisition Full call number Accession Number Koha item type
        RRII Library RRII Library 16/12/2021 Gift 058:001.63 NST G00943 Books